[Event "FICS rated standard game"]
[Site "FICS freechess.org"]
[Date "2018.01.13"]
[Round "?"]
[White "FyFazan"]
[Black "gwit"]
[Result "0-1"]
[WhiteElo "1645"]
[BlackElo "1586"]
[PlyCount "46"]
[EventDate "2018.??.??"]

1. e4 e5 2. Nf3 Nc6 3. c3 Bc5 4. d4 exd4 5. cxd4 Bb4+ 6. Nc3 d5 7. exd5 Qxd5 8.
Bd2 Bxc3 9. Bxc3 Nge7 10. Be2 Bg4 11. O-O O-O 12. h3 Bh5 13. Nh2 Bxe2 14. Qxe2
Rfe8 15. Qc2 Nxd4 16. Qa4 Ne2+ 17. Kh1 Nxc3 18. bxc3 Nc6 19. Rfd1 Qe5 20. c4
Nd4 21. Qb4 Nc2 22. Qxb7 Nxa1 23. Rxa1 Qxa1+ {White resigns} 0-1

[Event "FICS rated blitz game"]
[Site "FICS freechess.org"]
[Date "2018.01.13"]
[Round "?"]
[White "janmohammad"]
[Black "Lawyers"]
[Result "0-1"]
[WhiteElo "1142"]
[BlackElo "1567"]
[PlyCount "60"]
[EventDate "2018.??.??"]
[EventType "blitz"]

1. e4 e5 2. Nf3 Nc6 3. c3 Nf6 4. Bb5 d6 5. Bxc6+ bxc6 6. d3 Be7 7. Bg5 O-O 8.
O-O Bg4 9. Nbd2 Rb8 10. Qc1 Nd7 11. h3 Bxg5 12. hxg4 Be7 13. g5 Bxg5 14. Qd1
Rxb2 15. Nc4 Rb8 16. a4 Bf6 17. a5 d5 18. Ne3 Nc5 19. exd5 cxd5 20. d4 exd4 21.
cxd4 Ne4 22. Ng4 h6 23. Nxf6+ Nxf6 24. Ne5 Qd6 25. Qf3 c5 26. Rfd1 cxd4 27. Qf5
Qe6 28. Qf4 Rb4 29. Re1 Qd6 30. Qf5 Ne4 0-1

[Event "FICS rated blitz game"]
[Site "FICS freechess.org"]
[Date "2018.01.13"]
[Round "?"]
[White "Fullball"]
[Black "RcSm"]
[Result "1/2-1/2"]
[WhiteElo "1109"]
[BlackElo "1170"]
[PlyCount "172"]
[EventDate "2018.??.??"]
[EventType "blitz"]

1. e4 e5 2. Nf3 Nc6 3. c3 d6 4. h3 h6 5. Bc4 Nf6 6. d3 a6 7. a3 Be7 8. Nbd2 Bd7
9. b4 b5 10. Bb3 a5 11. Bb2 axb4 12. axb4 O-O 13. O-O Nh5 14. Nxe5 Nxe5 15.
Qxh5 Nxd3 16. Rxa8 Qxa8 17. Ra1 Qd8 18. Bc1 Nxc1 19. Rxc1 Bg5 20. Rd1 Bxd2 21.
Rxd2 Qf6 22. Rc2 Ra8 23. Rc1 c6 24. Qe2 Qg6 25. Qe3 Re8 26. Bc2 Qg5 27. Qxg5
hxg5 28. f3 d5 29. Re1 Ra8 30. exd5 cxd5 31. Rc1 g6 32. Kf2 Ra3 33. Bd1 Bf5 34.
g4 Bd3 35. Be2 Bc4 36. Ke3 Ra2 37. Bxc4 dxc4 38. Rh1 Rc2 39. Kd4 Kf8 40. h4
gxh4 41. Rxh4 Rd2+ 42. Ke3 Rd3+ 43. Ke4 Rxc3 44. Rh8+ Kg7 45. Rb8 Rb3 46. Rxb5
c3 47. Rc5 Rxb4+ 48. Kd3 Rf4 49. Ke2 Rf6 50. Rxc3 Kh6 51. Kf2 Ra6 52. Kg3 Ra1
53. Rc2 f6 54. Rh2+ Kg7 55. Rb2 g5 56. Rb3 Kg6 57. f4 Rg1+ 58. Kf3 gxf4 59.
Kxf4 Ra1 60. Rb4 Rf1+ 61. Kg3 Rc1 62. Rb3 Rc5 63. Rf3 Kg5 64. Kh3 Rc1 65. Rf2
Rh1+ 66. Kg2 Rh6 67. Kg3 Kg6 68. Ra2 Rh1 69. Kg2 Rc1 70. Rf2 Rc4 71. Kg3 Kg5
72. Rf5+ Kg6 73. Rf4 Rc1 74. Rf2 Ra1 75. Rf3 Rg1+ 76. Kh3 Rh1+ 77. Kg2 Rh7 78.
Kg3 Rf7 79. Rf5 Rc7 80. Rf3 Rc5 81. Rd3 Kg5 82. Rb3 Rc4 83. Rb5+ Kg6 84. Rf5
Rc1 85. Rf2 Kg5 86. Rf5+ Kg6 1/2-1/2

[Event "FICS rated standard game"]
[Site "FICS freechess.org"]
[Date "2018.01.13"]
[Round "?"]
[White "mesli"]
[Black "himmyk"]
[Result "1-0"]
[WhiteElo "1731"]
[BlackElo "1583"]
[PlyCount "59"]
[EventDate "2018.??.??"]

1. e4 e5 2. Nf3 Nc6 3. c3 Nf6 4. Qc2 Bc5 5. Bc4 h6 6. a4 Ng4 7. O-O O-O 8. b4
Bd6 9. a5 a6 10. h3 Nf6 11. Nh2 b5 12. axb6 cxb6 13. b5 Na5 14. Rxa5 bxa5 15.
d4 exd4 16. cxd4 Bb4 17. e5 axb5 18. Bxb5 Nd5 19. Qe4 Bb7 20. Bd3 g6 21. Bxh6
Re8 22. Qg4 Re6 23. f4 Bf8 24. f5 Ne3 25. Bxe3 Rb6 26. d5 Rb2 27. fxg6 fxg6 28.
Qxg6+ Bg7 29. Bh6 Qe7 30. Qh7# {Black checkmated} 1-0

[Event "FICS rated blitz game"]
[Site "FICS freechess.org"]
[Date "2018.01.13"]
[Round "?"]
[White "Jephtah"]
[Black "brahames"]
[Result "0-1"]
[WhiteElo "1517"]
[BlackElo "1720"]
[PlyCount "64"]
[EventDate "2018.??.??"]
[EventType "blitz"]

1. e4 e5 2. Nf3 Nc6 3. c3 d5 4. Bb5 Qd6 5. Bxc6+ bxc6 6. Qa4 Bd7 7. d3 Nf6 8.
Bg5 c5 9. Qc2 Be7 10. Nbd2 d4 11. c4 Nh5 12. Bxe7 Qxe7 13. Nb3 Nf4 14. O-O g5
15. h3 h5 16. Nh2 g4 17. Nd2 gxh3 18. g3 Rg8 19. Kh1 Ng2 20. Ndf3 Rb8 21. b3 h4
22. gxh4 Bg4 23. Rg1 Qf6 24. Qe2 Nxh4 25. Rxg4 Rxg4 26. Nxg4 Qxf3+ 27. Qxf3
Nxf3 28. Nf6+ Ke7 29. Nd5+ Kd7 30. Nf6+ Ke6 31. Ng4 Rg8 32. Rf1 Rxg4 {White
resigns} 0-1

[Event "FICS rated blitz game"]
[Site "FICS freechess.org"]
[Date "2018.01.13"]
[Round "?"]
[White "MartinJD"]
[Black "sdarjee"]
[Result "0-1"]
[WhiteElo "1187"]
[BlackElo "1256"]
[PlyCount "82"]
[EventDate "2018.??.??"]
[EventType "blitz"]

1. e4 e5 2. Nf3 Nc6 3. c3 d5 4. d4 dxe4 5. Nxe5 Nf6 6. Nxc6 bxc6 7. Bg5 Be7 8.
Bxf6 Bxf6 9. Bc4 Bf5 10. Nd2 O-O 11. h3 Re8 12. Qb3 Be6 13. Nxe4 Bxc4 14. Qxc4
Rxe4+ 15. Kd1 Qe7 16. f3 Re6 17. Kc2 Re2+ 18. Kd1 Rxg2 19. Re1 Qd6 20. Re2 Rg1+
21. Re1 Rxe1+ 22. Kxe1 Re8+ 23. Kd2 Qf4+ 24. Kc2 Qxf3 25. Kb3 Qd5 26. Qxd5 cxd5
27. Rd1 Re3 28. Kc2 Rxh3 29. Re1 g6 30. Re8+ Kg7 31. Ra8 Rh2+ 32. Kd3 Rxb2 33.
Rxa7 h5 34. Ke3 Rc2 35. Rxc7 Rxa2 36. Kf3 h4 37. Kg4 Rg2+ 38. Kh3 Rg3+ 39. Kh2
Rf3 40. Rc5 Rf5 41. c4 dxc4 {White resigns} 0-1

[Event "FICS rated blitz game"]
[Site "FICS freechess.org"]
[Date "2018.01.13"]
[Round "?"]
[White "intihuantana"]
[Black "proudhombre"]
[Result "1-0"]
[WhiteElo "1975"]
[BlackElo "1883"]
[PlyCount "109"]
[EventDate "2018.??.??"]
[EventType "blitz"]

1. e4 e5 2. Nf3 Nc6 3. c3 Nf6 4. d4 Nxe4 5. d5 Ne7 6. Nxe5 Ng6 7. Qd4 Qf6 8.
Qxe4 Qxe5 9. Bd3 Be7 10. O-O Qxe4 11. Bxe4 O-O 12. Re1 Bf6 13. a4 d6 14. Na3 a6
15. Bxg6 hxg6 16. Be3 Bd7 17. Nc2 Rfe8 18. Bd4 Bf5 19. Bxf6 Bxc2 20. Bd4 Bb3
21. a5 Bxd5 22. Rad1 Bb3 23. Rc1 f6 24. f3 Kf7 25. Kf2 c5 26. Be3 Re6 27. c4
Rae8 28. Rc3 Ba4 29. b3 Bc6 30. Bd2 Rxe1 31. Bxe1 Re5 32. Rd3 Ke7 33. Bc3 Re6
34. b4 g5 35. g3 Kf7 36. Rd2 Ba4 37. bxc5 dxc5 38. Rd5 Rc6 39. Rd7+ Kg6 40.
Rxb7 Bc2 41. Rb6 Rc8 42. Rxa6 Bd3 43. Ra7 Bxc4 44. Bd2 Rc6 45. Be3 Ra6 46. Rxa6
Bxa6 47. Ke1 c4 48. Kd2 Kf7 49. Kc3 Ke6 50. Kb4 Kd5 51. Bf2 g6 52. h3 f5 53. h4
g4 54. f4 Ke4 55. Kc3 1-0

[Event "FICS rated blitz game"]
[Site "FICS freechess.org"]
[Date "2018.01.13"]
[Round "?"]
[White "jbuky"]
[Black "SpeakerOdb"]
[Result "0-1"]
[WhiteElo "1437"]
[BlackElo "1402"]
[PlyCount "48"]
[EventDate "2018.??.??"]
[EventType "blitz"]

1. e4 e5 2. Nf3 Nc6 3. c3 Nf6 4. d4 exd4 5. e5 Ne4 6. cxd4 d5 7. Nc3 Bb4 8. Bd2
Nxd2 9. Qxd2 a6 10. a3 Ba5 11. h3 O-O 12. Bd3 h6 13. Bc2 Be6 14. Qd3 g6 15. O-O
Bb6 16. Qd2 Kg7 17. Ne2 f5 18. exf6+ Qxf6 19. Rad1 Rae8 20. Ng3 Bxh3 21. Ba4
Bxg2 22. Kxg2 Qxf3+ 23. Kg1 Re6 24. b4 Bxd4 {White resigns} 0-1

[Event "FICS rated blitz game"]
[Site "FICS freechess.org"]
[Date "2018.01.13"]
[Round "?"]
[White "SargonV"]
[Black "MartinVoskanyan"]
[Result "1-0"]
[WhiteElo "1482"]
[BlackElo "1372"]
[PlyCount "61"]
[EventDate "2018.??.??"]
[EventType "blitz"]

1. e4 e5 2. Nf3 Nc6 3. c3 Bc5 4. d4 exd4 5. cxd4 Bb4+ 6. Nc3 Qe7 7. Bd2 Bxc3 8.
Bxc3 Qxe4+ 9. Be2 Nf6 10. d5 Ne7 11. d6 cxd6 12. O-O d5 13. Re1 d6 14. Bb5+ Bd7
15. Bxd7+ Kxd7 16. Rxe4 Nxe4 17. Qa4+ Ke6 18. Re1 f6 19. Nd4+ Kf7 20. Nb5 Nc5
21. Nxd6+ Kf8 22. Qg4 Rd8 23. Nf5 Nxf5 24. Qxf5 Ne4 25. Bb4+ Kf7 26. f3 Ng5 27.
Re7+ Kg8 28. h4 Nf7 29. Qe6 Rf8 30. Qxf7+ Rxf7 31. Re8+ 1-0

[Event "FICS rated blitz game"]
[Site "FICS freechess.org"]
[Date "2018.01.13"]
[Round "?"]
[White "cabo"]
[Black "DELAVINANDIOR"]
[Result "0-1"]
[WhiteElo "1163"]
[BlackElo "1447"]
[PlyCount "86"]
[EventDate "2018.??.??"]
[EventType "blitz"]

1. e4 e5 2. Nf3 Nc6 3. c3 Bc5 4. d4 exd4 5. cxd4 Bb6 6. Nc3 Nge7 7. d5 Nb8 8.
Bd3 d6 9. O-O O-O 10. Bg5 f6 11. Bh4 Ng6 12. Bg3 Bg4 13. h3 Bh5 14. Be2 Qe8 15.
Qc2 Ne5 16. Bxe5 Bxf3 17. Bh2 Bxe2 18. Qxe2 Qg6 19. Kh1 Nd7 20. f4 Rae8 21. f5
Qf7 22. Qg4 a6 23. Bf4 Nc5 24. Rae1 Nd3 25. Re2 Bd4 26. Qf3 Ne5 27. Bxe5 Rxe5
28. Rfe1 Rfe8 29. Qd3 Ba7 30. Kh2 g6 31. g4 gxf5 32. gxf5 Qh5 33. Qg3+ Kh8 34.
Qg4 Qh6 35. Rg2 R5e7 36. Ree2 Bd4 37. Nd1 Be5+ 38. Kh1 Qc1 39. Rg1 Bd4 40. Nf2
Qh6 41. h4 Bxf2 42. Rxf2 Rxe4 43. Qh3 Rxh4 {White resigns} 0-1

[Event "FICS rated blitz game"]
[Site "FICS freechess.org"]
[Date "2018.01.13"]
[Round "?"]
[White "morts"]
[Black "mjmonday"]
[Result "0-1"]
[WhiteElo "1185"]
[BlackElo "1204"]
[PlyCount "74"]
[EventDate "2018.??.??"]
[EventType "blitz"]

1. e4 e5 2. Nf3 Nc6 3. c3 Nf6 4. d3 h6 5. g3 d6 6. Bg2 Be7 7. Nbd2 Bg4 8. O-O
Qd7 9. Qb3 b6 10. Qa4 O-O 11. Nh4 Bh3 12. Nf5 Bxg2 13. Kxg2 Rfe8 14. d4 exd4
15. cxd4 Na5 16. Qc2 c5 17. d5 Bf8 18. Nc4 Nxc4 19. Qxc4 Nxe4 20. Ne3 f5 21. f3
Ng5 22. h4 Nh7 23. Qf4 Re5 24. Bd2 Rae8 25. Bc3 Rxe3 26. Rad1 Nf6 27. Bxf6 gxf6
28. g4 Qg7 29. Qc4 fxg4 30. f4 R8e6 31. Kf2 R6e4 32. Kg2 Rxc4 33. b3 Rc2+ 34.
Kg1 g3 35. Rf3 Rxf3 36. Re1 Rff2 37. Re8 Rc1+ {White resigns} 0-1

[Event "FICS rated blitz game"]
[Site "FICS freechess.org"]
[Date "2018.01.13"]
[Round "?"]
[White "capricornus"]
[Black "jcoll"]
[Result "0-1"]
[WhiteElo "1373"]
[BlackElo "1377"]
[PlyCount "142"]
[EventDate "2018.??.??"]
[EventType "blitz"]

1. e4 e5 2. Nf3 Nc6 3. c3 d6 4. d3 f5 5. exf5 Bxf5 6. Be2 h6 7. b4 Nf6 8. b5
Ne7 9. O-O Ned5 10. c4 Ne7 11. Nc3 e4 12. dxe4 Nxe4 13. Nxe4 Bxe4 14. Qd4 Bh7
15. h3 Nf5 16. Qc3 Qf6 17. Qxf6 gxf6 18. Nh2 Rg8 19. Bg4 Nh4 20. g3 f5 21. gxh4
fxg4 22. hxg4 Bf5 23. g5 hxg5 24. Bxg5 Bh6 25. Rae1+ Kd7 26. Re7+ Kc8 27. Nf3
b6 28. Rfe1 Kb7 29. Kh2 Bxg5 30. Nxg5 Bd3 31. Rf7 Bxc4 32. Ree7 Rac8 33. Rf5
Bxa2 34. Kg3 a6 35. bxa6+ Kxa6 36. f4 Rge8 37. Ref7 Bxf7 38. Nxf7 Rf8 39. Kg4
c5 40. Kg5 Rc7 41. Kg6 Rg8+ 42. Kh7 Rf8 43. Kg7 Re8 44. Kg6 Re6+ 45. Kg5 b5 46.
Nd8 Re8 47. Nf7 b4 48. Nxd6 Re6 49. Nc4 Kb5 50. Ne5 c4 51. Nd3+ Ka4 52. Nb2+
Kb3 53. Nd1 c3 54. Rb5 c2 55. Rxb4+ Kxb4 56. Nb2 c1=Q 57. Nd3+ Kb3 58. Nxc1+
Kc2 59. Na2 Rc5+ 60. f5 Ree5 61. Nb4+ Kb3 62. Na6 Rxf5+ 63. Kg4 Ra5 64. Nc7
Rfc5 65. Ne6 Rc4+ 66. Nf4 Raa4 67. h5 Rxf4+ 68. Kg5 Rfc4 69. h6 Rc5+ 70. Kg6
Ra6+ 71. Kg7 Rc7+ {White resigns} 0-1

[Event "FICS rated blitz game"]
[Site "FICS freechess.org"]
[Date "2018.01.13"]
[Round "?"]
[White "proximab"]
[Black "Grohot"]
[Result "1-0"]
[WhiteElo "2046"]
[BlackElo "1042"]
[PlyCount "73"]
[EventDate "2018.??.??"]
[EventType "blitz"]

1. e4 e5 2. Nf3 Nc6 3. c3 Nf6 4. d4 exd4 5. e5 Nd5 6. Bb5 a6 7. Bxc6 bxc6 8.
Qxd4 Bb7 9. O-O c5 10. Qg4 h5 11. Qf5 g6 12. Qe4 Rb8 13. Qd3 Be7 14. h3 g5 15.
Qf5 Nf4 16. Bxf4 Bxf3 17. Bc1 Be2 18. Re1 Bc4 19. Nd2 Be6 20. Qd3 g4 21. hxg4
Bxg4 22. Qxa6 Rg8 23. Ne4 Bh3 24. g3 h4 25. Qh6 Bf5 26. Nf6+ Bxf6 27. exf6+ Be6
28. Qh7 Rf8 29. Qg7 d5 30. Bh6 Kd7 31. Qxf8 Qxf8 32. Bxf8 Rxf8 33. Rad1 hxg3
34. fxg3 Rg8 35. Kg2 Rg6 36. Rf1 Rg5 37. Rf4 1-0

[Event "FICS rated blitz game"]
[Site "FICS freechess.org"]
[Date "2018.01.13"]
[Round "?"]
[White "churningpigskin"]
[Black "Kravchenko"]
[Result "1-0"]
[WhiteElo "1331"]
[BlackElo "1369"]
[PlyCount "85"]
[EventDate "2018.??.??"]
[EventType "blitz"]

1. e4 e5 2. Nf3 Nc6 3. c3 Bc5 4. Bb5 d6 5. Bxc6+ bxc6 6. O-O Nf6 7. d4 exd4 8.
cxd4 Bb6 9. e5 dxe5 10. Nxe5 c5 11. Bg5 Qxd4 12. Bxf6 Qxd1 13. Rxd1 gxf6 14.
Nc6 O-O 15. Nc3 Bb7 16. Ne7+ Kg7 17. Rd3 Rae8 18. Rg3+ Kh8 19. Nf5 Re5 20. Nh6
Rg5 21. Rxg5 fxg5 22. Re1 Kg7 23. Nf5+ Kf6 24. Ng3 Bc6 25. Nce4+ Bxe4 26. Nxe4+
Kf5 27. f3 h5 28. h3 f6 29. Kh2 Rd8 30. g4+ hxg4 31. hxg4+ Kg6 32. Re2 Rd3 33.
Kg3 f5 34. gxf5+ Kxf5 35. Nf2 Rd4 36. Ng4 Rd5 37. Re8 c4 38. Rf8+ Kg6 39. Rf6+
Kg7 40. Re6 Bc5 41. Nf6 Bd6+ 42. Kg4 Bf4 43. Nxd5 {Black resigns} 1-0

[Event "FICS rated blitz game"]
[Site "FICS freechess.org"]
[Date "2018.01.13"]
[Round "?"]
[White "istwoud"]
[Black "Oblonsky"]
[Result "1-0"]
[WhiteElo "1331"]
[BlackElo "1351"]
[PlyCount "33"]
[EventDate "2018.??.??"]
[EventType "blitz"]

1. e4 e5 2. c3 Nc6 3. Nf3 Bc5 4. d4 exd4 5. cxd4 Bb4+ 6. Nc3 Nf6 7. a3 Bxc3+ 8.
bxc3 Nxe4 9. Qd3 d6 10. Qxe4+ Be6 11. d5 Qf6 12. dxc6 Qxc3+ 13. Nd2 Qxa1 14.
cxb7 Rb8 15. Kd1 O-O 16. Bd3 Qa2 17. Qxh7# {Black checkmated} 1-0

[Event "FICS rated standard game"]
[Site "FICS freechess.org"]
[Date "2018.01.13"]
[Round "?"]
[White "Nidifugous"]
[Black "OrientSwan"]
[Result "0-1"]
[WhiteElo "1579"]
[BlackElo "1697"]
[PlyCount "56"]
[EventDate "2018.??.??"]

1. e4 e5 2. Nf3 Nc6 3. c3 Nf6 4. Bd3 d6 5. b4 Be7 6. h3 O-O 7. Na3 a6 8. Nc4 b5
9. Ne3 Bb7 10. Ng4 Qd7 11. Nxf6+ Bxf6 12. Ba3 Rfe8 13. g4 d5 14. g5 dxe4 15.
Bxe4 Be7 16. Qe2 Qe6 17. h4 Rad8 18. O-O-O Qxa2 19. Bb2 Qe6 20. d4 exd4 21.
Bxc6 Qxe2 22. Nxd4 Rxd4 23. Bxb7 Rxd1+ 24. Rxd1 Rd8 25. Bd5 c6 26. Bxf7+ Kxf7
27. g6+ hxg6 28. Rxd8 Bxd8 {White resigns} 0-1

[Event "FICS rated blitz game"]
[Site "FICS freechess.org"]
[Date "2018.01.13"]
[Round "?"]
[White "skrepper"]
[Black "tallrook"]
[Result "0-1"]
[WhiteElo "1422"]
[BlackElo "1406"]
[PlyCount "70"]
[EventDate "2018.??.??"]
[EventType "blitz"]

1. e4 e5 2. Nf3 Nc6 3. c3 Nf6 4. d3 Be7 5. Nbd2 O-O 6. Be2 d6 7. O-O h6 8. b3
Be6 9. Bb2 d5 10. Qc2 Qd7 11. d4 exd4 12. e5 Ng4 13. cxd4 Bf5 14. Qd1 h5 15.
Re1 Nd8 16. Bf1 Ne6 17. h3 Nh6 18. Nh2 c5 19. Qxh5 Bg6 20. Qd1 cxd4 21. Ndf3
Nf5 22. g4 Nh4 23. Nxh4 Bxh4 24. Nf3 Qe7 25. Nxd4 Nxd4 26. Bxd4 Rac8 27. Rc1
Qg5 28. Be3 Qxe5 29. Bc5 Qf4 30. Qxd5 Bxf2+ 31. Bxf2 Rxc1 32. Be3 Qg3+ 33. Qg2
Qxg2+ 34. Kxg2 Rxe1 35. Bxa7 Ra8 0-1

[Event "FICS rated standard game"]
[Site "FICS freechess.org"]
[Date "2018.01.13"]
[Round "?"]
[White "FyFazan"]
[Black "PedPedPed"]
[Result "0-1"]
[WhiteElo "1655"]
[BlackElo "1574"]
[PlyCount "54"]
[EventDate "2018.??.??"]

1. e4 e5 2. Nf3 Nc6 3. c3 Bc5 4. d4 exd4 5. cxd4 Be7 6. d5 Nb4 7. a3 Na6 8. Nc3
Nf6 9. e5 Ng4 10. h3 Nh6 11. Bc4 O-O 12. Bxh6 gxh6 13. O-O f6 14. exf6 Bxf6 15.
Ne4 Kg7 16. Nxf6 Qxf6 17. b4 d6 18. Re1 Bxh3 19. gxh3 Qxf3 20. Qxf3 Rxf3 21.
Re7+ Kg6 22. Bxa6 bxa6 23. Rxc7 Rxh3 24. Re1 Rg8 25. Kf1 Rh1+ 26. Ke2 Re8+ 27.
Kd2 Rhxe1 {White resigns} 0-1

[Event "FICS rated blitz game"]
[Site "FICS freechess.org"]
[Date "2018.01.13"]
[Round "?"]
[White "intihuantana"]
[Black "jesuistropfort"]
[Result "0-1"]
[WhiteElo "1975"]
[BlackElo "2135"]
[PlyCount "30"]
[EventDate "2018.??.??"]
[EventType "blitz"]

1. e4 e5 2. Nf3 Nc6 3. c3 d5 4. Qa4 dxe4 5. Nxe5 Nge7 6. Bb5 Qd5 7. Nxc6 bxc6
8. Bc4 Qf5 9. O-O Bd7 10. Re1 Nd5 11. Bf1 Nf6 12. d3 c5 13. Qa5 Bd6 14. dxe4
Bxh2+ 15. Kxh2 Ng4+ 0-1

[Event "FICS rated standard game"]
[Site "FICS freechess.org"]
[Date "2018.01.13"]
[Round "?"]
[White "proximab"]
[Black "stoyko"]
[Result "1-0"]
[WhiteElo "2083"]
[BlackElo "1980"]
[PlyCount "27"]
[EventDate "2018.??.??"]

1. e4 e5 2. Nf3 Nc6 3. c3 d5 4. Qa4 dxe4 5. Nxe5 Qd5 6. Nxc6 bxc6 7. Bc4 Qd6 8.
d3 exd3 9. Bxd3 Nf6 10. O-O Be7 11. Bf4 Qd7 12. Bf5 Qxf5 13. Qxc6+ Kd8 14.
Bxc7# {Black checkmated} 1-0

[Event "FICS rated blitz game"]
[Site "FICS freechess.org"]
[Date "2018.01.13"]
[Round "?"]
[White "capricornus"]
[Black "LTVT"]
[Result "0-1"]
[WhiteElo "1344"]
[BlackElo "1265"]
[PlyCount "120"]
[EventDate "2018.??.??"]
[EventType "blitz"]

1. e4 e5 2. Nf3 Nc6 3. c3 d6 4. d3 Nf6 5. Be2 Be6 6. b4 Be7 7. Bb2 a6 8. a4 b6
9. Nbd2 Nh5 10. O-O Nf4 11. d4 exd4 12. Nxd4 Qd7 13. b5 Ne5 14. bxa6 Bg4 15.
Bxg4 Nxg4 16. Nf5 O-O 17. Qxg4 Ng6 18. Nxe7+ Qxe7 19. c4 Ne5 20. Qg3 Rxa6 21.
Nf3 c5 22. Nxe5 dxe5 23. Bxe5 g6 24. Bd6 Qd8 25. Bxf8 Qxf8 26. Qc7 Ra8 27. Qxb6
Rc8 28. a5 Rb8 29. Qc6 Ra8 30. a6 Rc8 31. Qa4 Ra8 32. a7 Kg7 33. Rfb1 Qe7 34.
Rb5 Qe5 35. Rab1 Qxe4 36. h3 Qe7 37. Rb8 Rxa7 38. Qb5 Qe4 39. Qxc5 Re7 40. Qd5
Qe2 41. R8b7 Re5 42. Qd4 Kh6 43. Qh4+ Kg7 44. Qf4 Rf5 45. Qc7 Qxf2+ 46. Kh1 Rf6
47. R1b2 Qf1+ 48. Kh2 Qf5 49. c5 Qf1 50. c6 Qc4 51. R7b6 Rf1 52. Qg3 Qc1 53.
Qe5+ Kh6 54. R2b3 Rh1+ 55. Kg3 Qe1+ 56. Qxe1 Rxe1 57. Rc3 Re7 58. c7 Re8 59.
c8=Q Rxc8 60. Rxc8 Kg7 0-1

[Event "FICS rated blitz game"]
[Site "FICS freechess.org"]
[Date "2018.01.13"]
[Round "?"]
[White "Turamon"]
[Black "gilllou"]
[Result "0-1"]
[WhiteElo "1504"]
[BlackElo "1687"]
[PlyCount "30"]
[EventDate "2018.??.??"]
[EventType "blitz"]

1. e4 e5 2. Nf3 Nc6 3. c3 d5 4. d4 dxe4 5. Nxe5 Nxe5 6. dxe5 Qxd1+ 7. Kxd1 Bc5
8. Be3 Bxe3 9. fxe3 Ne7 10. Nd2 Bf5 11. Bc4 Rd8 12. Ke2 Nc6 13. Rhf1 Bg4+ 14.
Ke1 Nxe5 15. Bb3 Nd3# {White checkmated} 0-1

[Event "FICS rated blitz game"]
[Site "FICS freechess.org"]
[Date "2018.01.13"]
[Round "?"]
[White "intihuantana"]
[Black "proudhombre"]
[Result "1-0"]
[WhiteElo "1963"]
[BlackElo "1895"]
[PlyCount "133"]
[EventDate "2018.??.??"]
[EventType "blitz"]

1. e4 e5 2. Nf3 Nc6 3. c3 Nf6 4. d4 Nxe4 5. d5 Ne7 6. Nxe5 Ng6 7. Qd4 Qf6 8.
Qxe4 Qxe5 9. Bd3 d6 10. O-O Qxe4 11. Bxe4 Be7 12. Re1 f5 13. Bf3 O-O 14. a4 Bf6
15. Na3 Ne5 16. Be2 Bd7 17. Nb5 Bxb5 18. axb5 Rfe8 19. h3 Nd3 20. Kf1 Nxe1 21.
Kxe1 a6 22. Be3 axb5 23. Rxa8 Rxa8 24. Kd2 Ra5 25. Kc2 Kf7 26. Bd3 g6 27. Kb1
c6 28. Be2 Ra8 29. Bf3 c5 30. Be2 c4 31. Bf4 Be5 32. Be3 Re8 33. g3 Bf6 34. h4
Re5 35. Bf3 Re8 36. Kc2 Be5 37. Bb6 Kg7 38. Bg2 h6 39. Be3 Bf6 40. Bf1 g5 41.
hxg5 hxg5 42. b3 Kg6 43. bxc4 bxc4 44. Bxc4 Ra8 45. Kb2 b5 46. Bxb5 Rb8 47. Kc2
Rxb5 48. Bc1 Ra5 49. Kb2 Rc5 50. Kc2 Rxc3+ 51. Kd2 Rxc1 52. Kxc1 Be5 53. Kd2 f4
54. g4 Kf6 55. f3 Bd4 56. Kd3 Ke5 57. Kd2 Be3+ 58. Kd3 Kxd5 59. Ke2 Ke5 60. Kd3
d5 61. Ke2 d4 62. Kd3 Kd5 63. Ke2 Kc4 64. Kd1 Kc3 65. Ke2 d3+ 66. Kd1 d2 67.
Ke2 1-0

[Event "FICS rated blitz game"]
[Site "FICS freechess.org"]
[Date "2018.01.13"]
[Round "?"]
[White "Jouska"]
[Black "Viroo"]
[Result "0-1"]
[WhiteElo "915"]
[BlackElo "1252"]
[PlyCount "66"]
[EventDate "2018.??.??"]
[EventType "blitz"]

1. e4 e5 2. Nf3 Nc6 3. c3 a6 4. d4 exd4 5. Nxd4 Qh4 6. Bd3 Ne5 7. Nf3 Nxf3+ 8.
Qxf3 Qf6 9. Qxf6 Nxf6 10. h3 Bc5 11. b4 Ba7 12. Bf4 d6 13. e5 Nd5 14. Bg3 dxe5
15. Bxe5 f6 16. Bg3 c6 17. c4 Nxb4 18. Be4 Be6 19. a3 f5 20. Bd3 Nxd3+ 21. Ke2
O-O-O 22. Rd1 Bxc4 23. Nc3 Nf4+ 24. Kf3 Ng6 25. Rxd8+ Rxd8 26. Rd1 Rxd1 27.
Nxd1 Bd5+ 28. Ke2 Bxg2 29. h4 f4 30. Bh2 f3+ 31. Kd3 Nxh4 32. Ne3 Bxe3 33. fxe3
f2 0-1

[Event "FICS rated standard game"]
[Site "FICS freechess.org"]
[Date "2018.01.13"]
[Round "?"]
[White "proximab"]
[Black "stoyko"]
[Result "1-0"]
[WhiteElo "2071"]
[BlackElo "1969"]
[PlyCount "79"]
[EventDate "2018.??.??"]

1. e4 e5 2. Nf3 Nc6 3. c3 Nf6 4. d4 exd4 5. e5 Nd5 6. Bb5 a6 7. Bxc6 dxc6 8.
Nxd4 Bc5 9. O-O O-O 10. Qh5 Bxd4 11. cxd4 Be6 12. Bd2 a5 13. Nc3 Nb4 14. Be3
Qd7 15. Qh4 Nd5 16. Ne4 b6 17. Bd2 Rad8 18. Bg5 Ra8 19. Bd2 Rfe8 20. Qg5 h6 21.
Qg3 Kh8 22. a3 Qe7 23. Rae1 Kh7 24. Rc1 Bd7 25. Nc3 Qe6 26. h3 Rac8 27. Qd3+
Qg6 28. Qxg6+ Kxg6 29. f4 h5 30. Ne4 Ne7 31. Ng5 Nf5 32. g4 hxg4 33. hxg4 Nxd4
34. f5+ Bxf5 35. gxf5+ Nxf5 36. Nxf7 Kxf7 37. Rxf5+ Ke6 38. Rg5 c5 39. Bc3 Re7
40. Rf1 1-0

[Event "FICS rated blitz game"]
[Site "FICS freechess.org"]
[Date "2018.01.12"]
[Round "?"]
[White "morts"]
[Black "laverdure"]
[Result "0-1"]
[WhiteElo "1196"]
[BlackElo "1236"]
[PlyCount "90"]
[EventDate "2018.??.??"]
[EventType "blitz"]

1. e4 e5 2. Nf3 Nc6 3. c3 d6 4. g3 Be7 5. Bg2 Nf6 6. d3 O-O 7. O-O Be6 8. Nbd2
Qd7 9. h4 Bh3 10. Qb3 Bxg2 11. Kxg2 Rab8 12. d4 exd4 13. cxd4 Qg4 14. d5 Ne5
15. Nxe5 dxe5 16. Nf3 Nh5 17. Nxe5 Qxe4+ 18. Nf3 Bxh4 19. Kh3 Bxg3 20. Ng5 Qh4+
21. Kg2 Nf4+ 22. Bxf4 Bxf4 23. Rh1 Qxg5+ 24. Kf1 h6 25. Rg1 Qe5 26. Re1 Qd6 27.
Qc3 Bg5 28. Re5 Bf6 29. Qg3 Bxe5 30. f4 Bf6 31. Qg4 Qxd5 32. f5 Qd3+ 33. Kg2
Qd2+ 34. Kh1 Bg5 35. Rg2 Qe1+ 36. Kh2 Qh4+ 37. Qxh4 Bxh4 38. Kh3 Bg5 39. Rg4
Rbd8 40. f6 Bxf6 41. Rg3 Rd5 42. b3 Rfd8 43. a4 Rd3 44. Kg4 Rxg3+ 45. Kxg3 Rd3+
{White resigns} 0-1

[Event "FICS rated blitz game"]
[Site "FICS freechess.org"]
[Date "2018.01.12"]
[Round "?"]
[White "franguly"]
[Black "JunnuK"]
[Result "1-0"]
[WhiteElo "1308"]
[BlackElo "1499"]
[PlyCount "111"]
[EventDate "2018.??.??"]
[EventType "blitz"]

1. e4 e5 2. Nf3 Nc6 3. c3 Nf6 4. Qc2 Be7 5. d4 exd4 6. cxd4 O-O 7. Bd3 d5 8. e5
Nd7 9. Bxh7+ Kh8 10. Bf5 Nb6 11. Bxc8 Rxc8 12. O-O Nc4 13. b3 Nb6 14. Qd2 Qd7
15. Nc3 Qg4 16. Qf4 Qxf4 17. Bxf4 Bb4 18. Rac1 a6 19. Bd2 f6 20. exf6 Rxf6 21.
Ne2 Bxd2 22. Nxd2 Re8 23. Rfe1 Rfe6 24. Kf1 Kg8 25. Nf3 Re4 26. Nc3 Rxe1+ 27.
Rxe1 Rxe1+ 28. Kxe1 Nb4 29. Kd2 Nc6 30. a3 Ne7 31. Kd3 c6 32. Ne5 Nbc8 33. g4
Nd6 34. f3 Nf7 35. Nxf7 Kxf7 36. Na4 a5 37. Nc5 b6 38. Nd7 b5 39. h4 Ke6 40.
Nc5+ Kd6 41. Nb7+ Kc7 42. Nxa5 Kb6 43. b4 Kc7 44. Nb3 Kd6 45. Ke3 Ke6 46. Kf4
Kf6 47. g5+ Kf7 48. h5 Nc8 49. Ke5 Ke7 50. Na5 Kd7 51. Kf5 Ne7+ 52. Ke5 Nc8 53.
f4 Ne7 54. f5 Nc8 55. h6 gxh6 56. gxh6 {Black resigns} 1-0